[Event "9th London Chess Classic 2017"]
[Site "London"]
[Date "2017.12.11"]
[Round "9"]
[White "Karjakin, Sergey"]
[Black "Nakamura, Hikaru"]
[Result "1/2-1/2"]
[WhiteElo "2760"]
[BlackElo "2781"]
[Annotator "TA"]
[PlyCount "62"]
[EventDate "2017.??.??"]
[EventCountry "ENG"]
[SourceTitle "playchess.com"]
[Source "ChessBase"]
[SourceQuality "1"]

{[%evp 27,62,24,18,4,32,30,31,24,12,14,31,26,29,25,39,16,9,24,18,22,43,22,77,24,61,19,44,35,49,37,55,45,56,0,33,0,56]} 1. d4 Nf6 2. c4 e6 3. Nf3 d5 4. Nc3 Be7 5. Bf4 O-O 6. e3 c5 7. dxc5 Bxc5 8. cxd5 Nxd5 9. Nxd5 exd5 10. a3 Nc6 11. Bd3 Bb6 12. O-O Qf6 {D37: Damengambit (5.Lf4)} (12... Bg4 13. h3 Bh5 14. b4 a6 15. Rb1 d4 16. b5 axb5 17. Rxb5 Bxf3 18. Qb1 Bc7 19. Bxh7+ Kh8 20. gxf3 Bxf4 21. exf4 Ne7 22. Rh5 Ra5 23. Bf5+ Kg8 24. Bh7+ Kh8 25. Bf5+ Kg8 26. Bh7+ {½-½ (26) Inarkiev,E (2727)-Nakamura,H (2786) Moscow 2017}) 13. b4 {[%cal Bb2b4,Bb4b5][%mdl 32]} h6 14. b5 Nd4 {[#] LiveBook: 5 Partien. Weiß hat minimalen Vorteil.} 15. h3 $146 ({Vorgänger:} 15. Nxd4 Bxd4 16. Rc1 Bb2 17. Rc7 Bxa3 18. Bb1 Bd6 19. Qc2 g6 20. Bxd6 Qxd6 {0-1 (53) Flores,D (2602)-Onischuk,A (2672) Khanty-Mansiysk 2009}) 15... g5 {[#] zielt auf ...Sxf3+ ab.} 16. Nxd4 gxf4 17. Qf3 Bxd4 18. exd4 Be6 $1 19. Rfe1 Kh8 20. Re5 Rg8 21. Rae1 Rg7 22. g4 Rag8 $1 {[%cal Rg7g4] [#] Droht ...Txg4+! und aus.} 23. Kf1 $1 Rg5 24. Bc2 {[%cal Bd3c2,Bc2d1,Bd1f3][%mdl 32]} Rc8 (24... Rxe5 $11 25. Rxe5 Rg5) 25. Qd3 (25. Bb3 $16) 25... Kg8 26. Bd1 Kg7 27. Bf3 b6 28. Kg2 Rh8 29. Qd2 Rc8 30. Qd3 Rh8 31. Qd2 Rc8 {Precision: Weiß = 58%, Schwarz = 56%.} 1/2-1/2

[Event "9th London Chess Classic 2017"]
[Site "London"]
[Date "2017.12.11"]
[Round "9"]
[White "Nepomniachtchi, Ian"]
[Black "Vachier-Lagrave, Maxime"]
[Result "1/2-1/2"]
[WhiteElo "2729"]
[BlackElo "2789"]
[Annotator "TA"]
[PlyCount "38"]
[EventDate "2017.??.??"]
[EventCountry "ENG"]
[SourceTitle "playchess.com"]
[Source "ChessBase"]
[SourceQuality "1"]

{[%evp 12,38,19,0,9,9,9,9,9,9,18,9,7,12,5,5,6,9,9,6,15,5,23,2,0,0,29,0,25]} 1. Nf3 c5 2. c4 Nc6 3. d4 cxd4 4. Nxd4 Nf6 5. Nc3 e6 6. Bf4 d5 7. e3 {LiveBook: 42 Games. A33: Symmetrical English: 2 Nf3 Nf6 3 d4 cxd4 4 Nxd4 e6 5 Nc3 Nc6} Bb4 8. Be2 Bd7 9. Ndb5 $146 {Threatens to win with Nc7+.} ({Predecessor:} 9. O-O dxc4 10. Bxc4 {½-½ (10) Svidler,P (2763)-Vachier Lagrave,M (2796) Palma de Mallorca 2017}) 9... e5 10. Bg5 {aiming for Bxf6.} a6 11. a3 axb5 12. axb4 {Strongly threatening Rxa8.} Rxa1 13. Qxa1 dxc4 14. O-O $36 {[%mdl 2048] Threatening Ne4. White is pushing.} O-O ({But not} 14... Nxb4 $6 15. Rd1 $16) 15. Rd1 {White wants to play Ne4!} Qe7 ({Much weaker is} 15... Nxb4 $6 16. Ne4 $1 $16 {[%mdl 512]}) 16. Nd5 Qe6 17. Nc7 Qe7 18. Nd5 Qe6 19. Nc7 (19. Bxf6 $5 gxf6 {[#]} 20. Nxf6+ $1 {[%mdl 512]} Qxf6 21. Rxd7 $11) 19... Qe7 {Precision: White = 72%, Black = 86%.} 1/2-1/2

[Event "9th London Chess Classic 2017"]
[Site "London"]
[Date "2017.12.11"]
[Round "10.1"]
[White "Nepomniachtchi, Ian"]
[Black "Caruana, Fabiano"]
[Result "1/2-1/2"]
[WhiteElo "2729"]
[BlackElo "2799"]
[Annotator "TA"]
[PlyCount "125"]
[EventDate "2017.??.??"]
[EventCountry "ENG"]
[SourceTitle "playchess.com"]
[Source "ChessBase"]
[SourceQuality "1"]

{[%evp 20,125,6,0,0,0,10,0,10,-12,7,0,0,0,0,0,0,0,0,0,0,0,0,0,17,0,0,-6,0,0,10,1,28,0,41,41,47,0,0,0,0,0,-11,-20,-19,-56,-32,-45,-25,-20,-21,-51,-47,-57,-24,-25,0,0,0,-91,0,-23,36,-18,81,56,56,56,56,63,64,81,81,81,81,81,83,56,115,42,42,42,44,41,41,41,53,42,54,53,54,55,58,20,21,0,22,22,27,-58,0,0,21,21,21,0,0,0]} 1. Nf3 d5 2. g3 g6 3. Bg2 Bg7 4. O-O e5 5. d3 Ne7 6. e4 O-O 7. exd5 Nxd5 8. Re1 Nc6 9. Nc3 Nde7 {A07: Réti Opening: New York and Capablanca Systems} 10. Rb1 a5 11. a3 {LiveBook: 3 Games} (11. b3 Re8 12. Bb2 Nf5 13. Nb5 a4 14. c4 axb3 15. axb3 Nd6 16. Ra1 Rxa1 17. Bxa1 Nxb5 18. cxb5 {½-½ (31) Carlsen,M (2827)-Vidit,S (2702) Douglas 2017}) 11... a4 12. Re4 $146 ({Predecessor:} 12. Bd2 h6 13. Re4 f5 14. Rxa4 {0-1 (34) Lorenz,S (2298)-Hector,J (2509) Germany 2000}) 12... Nd5 13. Bd2 Bf5 {...Nxc3 is the strong threat.} 14. Re1 Nb6 15. Qc1 Re8 16. Bh6 f6 17. Ne4 Qe7 18. h4 Bg4 19. Nh2 Be6 20. Be3 Nd7 21. Nc3 Qf7 22. Nb5 Nf8 23. c4 Red8 24. Qc2 Rd7 25. Nc3 Bf5 26. Bd5 Rxd5 27. cxd5 Ne7 $1 28. g4 (28. Rbc1 $14) 28... Bd7 $11 29. d4 Nxd5 30. dxe5 {aiming for Nxd5.} Bc6 31. Ne4 fxe5 32. Ng5 Qf6 {[%mdl 1024] Black has compensation.} 33. Rbd1 h6 {[%cal Bh7h6,Bh6h5][%mdl 32]} 34. Ne4 Qf7 35. g5 h5 $1 36. Qc4 Re8 37. Nf1 Re7 38. Nfg3 Rd7 39. Nc3 {[#]} (39. Nc5 $11 {remains equal.} Nf4 40. Rc1) 39... Qe6 (39... Nxc3 $1 $17 40. Qxf7+ Rxf7 41. bxc3 Ne6) 40. Rd2 Kf7 ({Better is} 40... b5 $11 41. Qc5 Nxe3 42. Rxd7 Qxd7 43. Qxe3 Ne6) 41. Red1 (41. Nce4 $14) 41... Nxe3 (41... Nxc3 $11 42. Qxe6+ Kxe6 43. bxc3 Rxd2 44. Bxd2 (44. Rxd2 Nd7 $15) 44... Nd7) 42. Rxd7+ (42. Qxe6+ {seems wilder.} Kxe6 43. fxe3 Rxd2 44. Rxd2 Nd7 45. Nge4) 42... Nxd7 43. Qxe6+ Kxe6 44. fxe3 Bf8 45. Nge4 Be7 46. Kf2 Nb6 47. Nd2 Nd7 48. Nc4 {Threatens to win with Na5.} b6 (48... Nc5 $1 $14) 49. Nd2 (49. e4 $16) 49... Nc5 $14 50. Ke2 Bb7 51. e4 Ba6+ 52. Kf3 Bd6 53. Nf1 Bc4 54. Ne3 Bb3 55. Rd2 c6 56. Nf1 Ke7 57. Ng3 Ne6 58. Nge2 b5 59. Nd1 (59. Nc1 $11) 59... Bc5 (59... Nd4+ $1 $15 60. Nxd4 exd4) 60. Ne3 {The position is equal.} Bb6 61. Nc1 Nd4+ 62. Kg3 Be6 {[#] Strongly threatening ...Nb3.} 63. Rd3 {Precision: White = 45%, Black = 57%.} 1/2-1/2

[Event "9th London Chess Classic 2017"]
[Site "London"]
[Date "2017.12.11"]
[Round "10.2"]
[White "Caruana, Fabiano"]
[Black "Nepomniachtchi, Ian"]
[Result "1/2-1/2"]
[WhiteElo "2799"]
[BlackElo "2729"]
[Annotator "TA"]
[PlyCount "64"]
[EventDate "2017.??.??"]
[EventCountry "ENG"]
[SourceTitle "playchess.com"]
[Source "ChessBase"]
[SourceQuality "1"]

{[%evp 17,64,9,9,6,21,-2,8,-13,-16,-26,-15,-34,-16,-14,-12,-12,-8,-12,-7,-10,-5,-18,0,-25,-10,-11,-12,-20,-10,-22,-4,-6,-2,-8,-7,-14,-10,-93,-14,-18,-7,-39,-8,-6,0,-20,0,0,0]} 1. e4 c5 2. Nc3 d6 3. Nge2 Nf6 4. g3 g6 5. Bg2 Bg7 6. d3 Nc6 7. a3 {B25: Closed Sicilian: 3 g3, lines without early Be3} (7. O-O O-O 8. h3 e6 9. Be3 b6 10. Qd2 d5 11. Bh6 Bxh6 12. Qxh6 Nd4 13. exd5 Nxe2+ 14. Nxe2 exd5 15. Rfe1 Bb7 16. g4 {0-1 (57) Carlsen,M (2837)-Ding,L (2774) Saint Louis 2017}) (7. h3 Rb8 8. a4 a6 9. f4 Bd7 10. Be3 b5 11. axb5 axb5 12. Qd2 b4 13. Nd1 O-O 14. O-O Qc7 15. g4 Ra8 {½-½ (38) Caruana,F (2807)-Nepomniachtchi,I (2742) Saint Louis 2017}) 7... Rb8 8. Rb1 O-O 9. O-O b5 {LiveBook: 3 Games} 10. b4 a6 11. h3 Nd7 12. Be3 Bb7 13. Qd2 Nd4 14. f4 e6 {[%cal Be7e6,Be6e5][%mdl 32]} 15. Bf2 $146 ({Predecessor:} 15. Nd1 Rc8 16. bxc5 Nxe2+ 17. Qxe2 Nxc5 {½-½ (58) Martin Manzano,A-Canteli Martinez,D (2060) Norena 2001}) 15... f5 16. Nxd4 cxd4 17. Ne2 e5 18. c3 fxe4 19. dxe4 {[%cal Rc3d4]} Nf6 20. cxd4 Nxe4 21. Qd3 Nxf2 22. Rxf2 Qb6 23. Rd1 Kh8 24. Bxb7 Rxb7 25. dxe5 dxe5 26. Qd6 Qa7 27. Rd5 (27. Kg2 $11) 27... Rbf7 ({Black should play} 27... exf4 $17 28. Nxf4 {[#]} g5 $1 {[%mdl 512]} 29. Rxg5 Rd7) 28. Qc5 $11 Qb7 29. Rd1 Rc7 30. Qe3 {The position is equal.} Rcf7 31. Rdf1 Qc7 32. fxe5 {[#] Threatens to win with Rxf7.} Rxf2 {Precision: White = 29%, Black = 44%.} 1/2-1/2

[Event "9th London Chess Classic 2017"]
[Site "London"]
[Date "2017.12.11"]
[Round "11.1"]
[White "Nepomniachtchi, Ian"]
[Black "Caruana, Fabiano"]
[Result "1/2-1/2"]
[WhiteElo "2729"]
[BlackElo "2799"]
[Annotator "TA"]
[PlyCount "134"]
[EventDate "2017.??.??"]
[EventCountry "ENG"]
[SourceTitle "playchess.com"]
[Source "ChessBase"]
[SourceQuality "1"]

{[%evp 15,134,0,-13,-27,-27,-33,-23,-73,-66,-118,-89,-213,-222,-218,-213,-231,-208,-233,-241,-250,-243,-240,-253,-291,-279,-250,-254,-251,-238,-272,-280,-289,-209,-223,-213,-216,-208,-208,-212,-210,-207,-326,-311,-327,-305,-294,-295,-401,-333,-361,-347,-424,-405,-383,-229,-244,-240,-237,-239,-232,-226,-235,-220,-340,-340,-322,-199,-181,0,-318,-308,-299,-291,-321,-303,-278,-263,-278,-339,-321,-322,-529,-510,-346,-313,-306,0,-329,-235,-212,-23,-144,-144,-144,-144,-154,-141,-12839,-12828,-12842,-12840,-12845,-12846,-12847,-12847,-12850,-29964,-12851,-12851,-12851,-12851,-12851,-29973,-12851,0,0,0,0,0,0,0]} 1. Nf3 Nf6 2. g3 g6 3. Bg2 Bg7 4. O-O O-O 5. c4 c6 6. b3 d6 7. d4 e5 8. dxe5 {E60: King's Indian: Unusual lines and Fianchetto Variation without Nc3} (8. Nc3 e4 9. Ne1 d5 10. Nc2 Be6 11. Ne3 Re8 12. Ba3 h5 13. h4 Nbd7 14. cxd5 cxd5 15. Na4 Bh6 {½-½ (38) Leko,P (2707)-Swiercz,D (2620) Berlin 2015}) 8... dxe5 {[%cal Bd6e5,Be5e4][%mdl 32] LiveBook: 31 Games} 9. Bb2 (9. Nxe5 $2 Nfd7 $19) 9... e4 10. Qxd8 {Black has an edge.} Rxd8 11. Ng5 Bf5 12. Nc3 (12. Bh3 $15) 12... h6 13. Ncxe4 $146 (13. Nh3 $17) ({Predecessor:} 13. Nh3 Rd2 14. Ba3 Nfd7 15. Rfc1 a5 {0-1 (53) Kurka,F (2183)-Mach,P (2265) Czechia 2002}) 13... Nxe4 $19 14. Bxg7 hxg5 15. Be5 Nd7 16. Bc7 Rdc8 17. Ba5 b6 18. Be1 {intending g4.} g4 19. Rd1 {Bxe4 would now be nice for White.} Re8 20. f3 gxf3 21. exf3 Nec5 22. Bc3 Re2 23. g4 Be6 ({Weaker is} 23... Rxa2 24. gxf5 Rc2 25. Ba1 $14) 24. Rf2 Rxf2 25. Kxf2 a5 26. h4 f6 27. Rd6 Rc8 28. a3 (28. g5 $142) 28... Kf7 29. b4 axb4 30. axb4 Na4 31. Be1 Nb2 32. Bf1 Ne5 33. c5 bxc5 34. bxc5 Bc4 (34... Bd5 $142 {aiming for ...Rb8.} 35. Kg3 Nbc4 36. Bxc4 Nxc4 37. Rd7+ Ke6) 35. Bc3 Bxf1 36. Bxb2 Nd3+ 37. Kxf1 Nxb2 {[%mdl 4096] Endgame KRN-KR} 38. Rd4 Re8 39. Kf2 (39. Kg2 $142) 39... Re5 40. Rd7+ Re7 41. Rd4 Re5 (41... Ra7 $142 42. Rd6 Ra3 43. Rxc6 Nd3+ 44. Ke2 Ne5) 42. Rd7+ Kf8 43. Rd6 {[#]} Ke7 $1 ({Resist} 43... Rxc5 44. Rxf6+ Kg7 45. Rd6 $19) 44. Rxc6 {[#]} Rxc5 $1 {[%mdl 512]} 45. Rb6 (45. Rxc5 Nd3+) 45... Nd3+ 46. Ke3 Ne5 47. Rb7+ Ke6 48. Rb6+ $2 (48. Rb3 {only move.}) 48... Rc6 49. Rb3 Rd6 50. Ke4 Rc6 51. Ke3 $1 Ra6 52. Kf2 g5 $2 (52... Ra2+ $19 53. Kg3 Ra5) 53. Kg3 (53. hxg5 $1 $11 {was the only way to keep the balance.} fxg5 54. Kg3) 53... gxh4+ $17 54. Kxh4 Ra1 55. Rb6+ Kf7 56. Rb3 $2 {[%mdl 8192]} (56. Rb7+ $17 Ke6 57. Rb6+ Kf7 58. Rb7+ Ke6 59. Rb6+) 56... Rg1 57. Kh3 Kg6 58. Kh2 Rd1 59. Kg3 Rd3 60. Rxd3 Nxd3 $19 {KN-KPP} 61. f4 Nc5 62. Kf3 Kf7 63. Kg3 Ke6 64. Kh4 Nd3 $2 (64... Kd5 $19 65. f5 Ne4) 65. f5+ $11 {The position is equal.} Ke5 {Threatens to win with ...Kf4.} 66. g5 fxg5+ 67. Kxg5 Nf4 {Precision: White = 35%, Black = 74%.} 1/2-1/2

[Event "9th London Chess Classic 2017"]
[Site "London"]
[Date "2017.12.11"]
[Round "11.2"]
[White "Caruana, Fabiano"]
[Black "Nepomniachtchi, Ian"]
[Result "1-0"]
[WhiteElo "2799"]
[BlackElo "2729"]
[Annotator "TA"]
[PlyCount "131"]
[EventDate "2017.??.??"]
[EventCountry "ENG"]
[SourceTitle "playchess.com"]
[Source "ChessBase"]
[SourceQuality "1"]

{[%evp 10,131,12,18,18,-17,0,0,30,28,40,35,34,31,40,20,47,41,58,64,63,63,52,56,55,38,57,48,64,46,57,54,43,42,38,47,58,50,60,50,64,43,57,0,41,25,22,25,61,37,75,57,82,80,97,97,96,98,146,147,208,214,308,273,248,249,372,345,367,364,342,353,352,347,341,335,317,316,385,288,659,612,831,268,325,317,314,317,330,330,290,193,368,321,396,313,526,311,297,0,543,544,603,604,617,549,574,566,540,527,643,564,606,579,12279,5691,8774,11866,2197,2745,29977,29978,29983,29984]} 1. e4 c5 2. Nf3 d6 3. Bb5+ Bd7 4. a4 Nc6 5. O-O g6 6. c3 {LiveBook: 4 Games. B52: Sicilian: Moscow Variation with 3...Bd7} Nf6 7. d4 cxd4 (7... Nxe4 8. Re1 Nf6 9. Bf4 a6 10. Na3 axb5 11. Nxb5 Be6 12. Ng5 Bg7 13. Rxe6 O-O {1-0 (50) Dzhumaev,M (2527)-Ghaem Maghami,E (2589) New Delhi 2008}) 8. cxd4 {The position is equal.} Bg7 9. Nc3 O-O 10. h3 a6 11. Bc4 Rc8 12. Re1 $146 ({Predecessor:} 12. Qe2 Qb6 13. e5 dxe5 14. dxe5 {1-0 (22) Bravo Barranco,N (2365)-Montilla Carrillo,E (2230) Sant Boi 1996}) 12... Ne8 13. Bb3 Na5 14. Ba2 Nc4 15. Qd3 b5 16. axb5 axb5 17. b3 Na5 18. Nxb5 Qb6 19. Na3 Nc6 {[%cal Rc6d4]} 20. Nc2 Nc7 21. Be3 Qb5 22. Qd2 d5 23. e5 Bf5 24. Rec1 Ne6 25. Nce1 Be4 26. Nh2 (26. Bb1 $14) 26... Nb4 27. Rxc8 Rxc8 28. Bb1 h5 29. Nhf3 Nc6 30. Bc2 Bxc2 31. Qxc2 Rb8 32. Nd3 Bf8 33. Rb1 Ng7 34. Nc5 Nf5 {[#]} (34... Nb4 $16 {was worth a try.} 35. Qd1 e6) 35. e6 $1 $18 {[%cal Re6f7] And now exf7+ would win.} Bg7 (35... f6 $142 36. Nd7 Nb4) 36. exf7+ Kxf7 {[%cal Rc6d4]} 37. Nd7 Ncxd4 (37... Nb4 $142 38. Qc7 Na6 39. Nde5+ Kg8) 38. Nde5+ Bxe5 39. Nxe5+ Ke6 40. Bxd4 $1 Nxd4 41. Qxg6+ Kxe5 42. Re1+ (42. Qxh5+ Kd6 $17) 42... Ne2+ 43. Kf1 Kd4 {[#] aiming for ...Nf4+.} 44. Rxe2 {[%mdl 4096] Endgame KQR-KQR} e5 $2 (44... Qxb3 45. Qg5 (45. Rxe7 Qd1+ 46. Re1 Qd3+ 47. Qxd3+ Kxd3 $14) 45... Rb7) 45. Qg3 {[%csl Ge2,Gf2][%cal Rg3e3]} e4 46. Qe3+ $2 (46. Ke1 Qb7 47. Rc2) 46... Ke5 47. Kg1 Qxb3 48. Qg5+ Ke6 {Strongly threatening ...Qd1+.} 49. Qg6+ ({Less strong is} 49. Qxh5 Qc3 $18) 49... Kd7 {...Qd1+ is the strong threat.} 50. Rd2 h4 $2 (50... e3 {might work better.} 51. Qf7+ Kd6 52. Qf4+ Ke6 53. fxe3 Qb1+ 54. Kh2 Rg8) 51. Qf5+ Kc6 52. Qf6+ Kc5 $2 (52... Kd7 53. Qxh4 Rb5) 53. Qd4+ Kc6 54. Qf6+ $2 (54. Kh2) 54... Kc5 55. Qxh4 Rb7 56. Qd8 Rb6 57. Qc7+ Rc6 58. Qa5+ Kd6 59. Qd8+ Kc5 60. h4 e3 61. Qe7+ Kb5 62. Qb7+ Rb6 63. Rxd5+ Kc4 64. Qf7 exf2+ 65. Kxf2 Qb2+ 66. Rd2+ {Precision: White = 62%, Black = 38%.} 1-0